<?xml version="1.0" encoding="UTF-8"?>
<record
    xmlns:xsi="http://www.w3.org/2001/XMLSchema-instance"
    xsi:schemaLocation="http://www.loc.gov/MARC21/slim http://www.loc.gov/standards/marcxml/schema/MARC21slim.xsd"
    xmlns="http://www.loc.gov/MARC21/slim">

  <leader>00676nab a2200193   4500</leader>
  <datafield tag="999" ind1=" " ind2=" ">
    <subfield code="c">372366</subfield>
    <subfield code="d">372366</subfield>
  </datafield>
  <controlfield tag="001">90031</controlfield>
  <controlfield tag="003">OSt</controlfield>
  <controlfield tag="005">20230414121644.0</controlfield>
  <controlfield tag="007">tu</controlfield>
  <controlfield tag="008">110905s2000|||||||</controlfield>
  <datafield tag="040" ind1=" " ind2=" ">
    <subfield code="a">DE-2950</subfield>
    <subfield code="c">DE-2950</subfield>
  </datafield>
  <datafield tag="245" ind1="0" ind2="0">
    <subfield code="a">Stadt ist mit Abgabe im Verzug.</subfield>
    <subfield code="b">Berechnung. Bis Ende Januar mussten Frankfurter ihre Grundsteuererkl&#xE4;rung abgeben. Das Finanzamt erkl&#xE4;rt nun da weitere Vorgehen - und richtet eine Bitte an die B&#xFC;rger /</subfield>
    <subfield code="c">Philipp Stepputtis</subfield>
  </datafield>
  <datafield tag="264" ind1=" " ind2=" ">
    <subfield code="c">2023</subfield>
  </datafield>
  <datafield tag="653" ind1=" " ind2=" ">
    <subfield code="a">Frankfurt (Oder)</subfield>
  </datafield>
  <datafield tag="653" ind1=" " ind2=" ">
    <subfield code="a">Finanzamt</subfield>
  </datafield>
  <datafield tag="653" ind1=" " ind2=" ">
    <subfield code="a">Grundsteuerberechnung</subfield>
  </datafield>
  <datafield tag="773" ind1="0" ind2=" ">
    <subfield code="g">34. Jahrgang (2023) Nr. 88, 14.04.2023, S. 16: mit Foto</subfield>
    <subfield code="t">M&#xE4;rkische Oderzeitung</subfield>
  </datafield>
  <datafield tag="942" ind1=" " ind2=" ">
    <subfield code="2">z</subfield>
    <subfield code="c">A</subfield>
  </datafield>
  <datafield tag="952" ind1=" " ind2=" ">
    <subfield code="0">0</subfield>
    <subfield code="1">0</subfield>
    <subfield code="2">z</subfield>
    <subfield code="4">0</subfield>
    <subfield code="7">0</subfield>
    <subfield code="a">StAFF</subfield>
    <subfield code="b">StAFF</subfield>
    <subfield code="c">GEN</subfield>
    <subfield code="d">2023-04-14</subfield>
    <subfield code="l">0</subfield>
    <subfield code="o">Z2</subfield>
    <subfield code="r">2023-04-14 00:00:00</subfield>
    <subfield code="w">2023-04-14</subfield>
    <subfield code="y">A</subfield>
  </datafield>
</record>
